00657nam a22002057a 4500999001900000005001700019010001500036020002700051035001400078037001300092082001000105100002000115245004600135260003700181270004400218300002400262500001900286942002400305952012200329 c165783d16578320190629162830.0 aENG-125836 a9788178245393c1195.00 aEN-109368 bDBAD/PUB a808.8 aChatterji, Joya aPartition's legacies /cby Joya Chatterji aRanikhetbPermanent Black c2019 aHimalayana, Mall RoadbRanikhete263645 axxi,550p.c22cm(Hb) aIncludes index 2ddccENh808.8mCHA 001040708NFICaBNbBNd2019-06-29eDBAD/PUBg1195.00l0o808.8 CHApEN-109368r2019-06-29 00:00:00t1v1195.00yEN